| 000 | 00858cam a22002535a 4500 | ||
|---|---|---|---|
| 001 | 18327442 | ||
| 005 | 20161215103934.0 | ||
| 008 | 141007t2015 gw a frb 001 0 eng d | ||
| 020 | _a9783319128160 | ||
| 040 |
_aDLC _beng _cDLC _dDLC _dEG-ScBUE |
||
| 082 | 0 | 4 |
_222 _a610.285 _bMOB |
| 245 | 0 | 0 |
_aMobile health : _ba technology road map / _ceditor Sasan Adibi. |
| 260 |
_aCham : _bSpringer, _cc.2015. |
||
| 300 |
_axi, 1172 p. : _bill. ; _c24 cm. |
||
| 490 | 0 |
_aSpringer series in bio-/neuroinformatics ; _v5 |
|
| 504 | _aIncludes bibliographical references and index. | ||
| 650 | 7 |
_2BUEsh _aWireless communication systems in medical care. _937053 |
|
| 650 | 7 |
_aTelecommunication in medicine. _2BUEsh |
|
| 650 | 7 |
_aPatient monitoring. _928890 _2BUEsh |
|
| 651 | _2BUEsh | ||
| 653 |
_bCOMSCI _cDecember2016 |
||
| 700 | 1 |
_aAdibi, Sasan, _eeditor. |
|
| 942 | _2ddc | ||
| 999 |
_c23574 _d23546 |
||